[Event "Hastings Masters op"]
[Site "Hastings"]
[Date "2023.12.31"]
[Round "4"]
[White "Nielsen, Andre"]
[Black "Zhang, Pengxiang"]
[Result "0-1"]
[WhiteElo "2239"]
[BlackElo "2558"]
[PlyCount "114"]
[EventDate "2023.12.28"]
[EventType "swiss"]
[EventRounds "9"]
[EventCountry "ENG"]
[SourceTitle "CB02_2024"]
[SourceDate "2024.01.10"]
[SourceVersion "1"]
[SourceVersionDate "2024.01.10"]
[SourceQuality "1"]

1. e4 e6 2. d4 d5 3. Nc3 Nf6 4. Bg5 dxe4 5. Nxe4 Be7 6. Nxf6+ Bxf6 7. Bxf6 Qxf6 8. Nf3 0-0 9. Qd3 c5 10. 0-0-0 Rd8 11. Qe4 Nc6 12. Bd3 Qh6+ 13. Kb1 cxd4 14. Rhe1 Bd7 15. g4 Nb4 16. Nxd4 Bc6 17. Nxc6 Nxc6 18. Bb5 Qxh2 19. f4 Rxd1+ 20. Rxd1 Rd8 21. Rxd8+ Nxd8 22. Qf3 Qg1+ 23. Bf1 g6 24. a4 h5 25. gxh5 gxh5 26. Ka2 Qd4 27. b3 Nc6 28. f5 Qg4 29. Be2 exf5 30. Qe3 Qe4 31. Qg5+ Kf8 32. Bd3 Nb4+ 33. Ka3 Nxd3 34. Qd8+ Qe8 35. Qxd3 Qe7+ 36. Ka2 Qf6 37. Qf3 f4 38. Qxh5 f3 39. Qc5+ Kg7 40. Qg1+ Qg6 41. Qd4+ f6 42. Qd7+ Kh6 43. Qh3+ Qh5 44. Qg3 Qf5 45. Qh4+ Kg6 46. Qg3+ Kh5 47. Qh2+ Kg4 48. Qg1+ Kf4 49. Qd4+ Qe4 50. Qxf6+ Ke3 51. Qg5+ Ke2 52. Qb5+ Kd2 53. Qa5+ Kd1 54. Qxa7 Qxc2+ 55. Ka3 Qc1+ 56. Ka2 Qd2+ 57. Ka3 f2 0-1

[Event "Belt and Road op 3rd"]
[Site "Qinhuangdao"]
[Date "2023.11.23"]
[Round "7"]
[White "Zhu, Jiner"]
[Black "Zhang, Pengxiang"]
[Result "0-1"]
[WhiteElo "2489"]
[BlackElo "2557"]
[PlyCount "158"]
[EventDate "2023.11.19"]
[EventType "swiss"]
[EventRounds "9"]
[EventCountry "CHN"]
[SourceTitle "CB48_2023"]
[SourceDate "2023.11.29"]
[SourceVersion "1"]
[SourceVersionDate "2023.11.29"]
[SourceQuality "1"]

1. e4 c6 2. d4 d5 3. e5 Bf5 4. h4 h5 5. Bd3 Bxd3 6. Qxd3 Qa5+ 7. Nd2 e6 8. Ngf3 Nh6 9. 0-0 Nf5 10. Nb3 Qa6 11. Qd1 b6 12. Bg5 c5 13. dxc5 Bxc5 14. Re1 Nc6 15. Nxc5 bxc5 16. c3 Rb8 17. b3 Rb7 18. Re2 Rd7 19. Rc1 Qb6 20. Rd2 a5 21. c4 d4 22. Qe2 Qc7 23. Qe4 Qb7 24. Ne1 Nce7 25. Qe2 Qc6 26. Nd3 Ng6 27. g3 Rc7 28. a3 Qa8 29. Rb2 Nf8 30. b4 axb4 31. axb4 Nd7 32. b5 g6 33. Ra2 Qb7 34. b6 Rc8 35. Rb1 0-0 36. Ra7 Qc6 37. Rb5 Nxb6 38. Ra6 Rb8 39. Bd2 Ne7 40. Ba5 Nec8 41. f3 Ra8 42. Rxa8 Nxa8 43. Rxc5 Qa4 44. Bb4 Ne7 45. Ra5 Qd7 46. Qa2 Nc7 47. Bd6 Rc8 48. Nc5 Qd8 49. Qa4 Ne8 50. Nb7 Qb6 51. Rb5 Qc6 52. Qb3 Nf5 53. Rc5 Qd7 54. Rxc8 Qxc8 55. Kf2 d3 56. Ke1 Qc6 57. Qb5 Qc8 58. c5 Qa8 59. Kd2 Nd4 60. Qb4 Qa2+ 61. Kxd3 Nc6 62. Qb5 Qa3+ 63. Kd2 Qxf3 64. Qd3 Qg2+ 65. Kc3 Ng7 66. Bc7 Nf5 67. Nd8 Nce7 68. Bd6 Qa8 69. Bxe7 Nxe7 70. Qd7 Nd5+ 71. Kb3 Qb8+ 72. Kc4 Qb4+ 73. Kd3 Qc3+ 74. Ke2 Qxe5+ 75. Kf1 Ne3+ 76. Ke2 Nd5+ 77. Kf1 Qf5+ 78. Kg1 Ne3 79. Qd2 Qf1+ 0-1

[Event "Belt and Road op 3rd"]
[Site "Qinhuangdao"]
[Date "2023.11.20"]
[Round "3"]
[White "Bai, Xue"]
[Black "Zhang, Pengxiang"]
[Result "0-1"]
[WhiteElo "2075"]
[BlackElo "2557"]
[PlyCount "62"]
[EventDate "2023.11.19"]
[EventType "swiss"]
[EventRounds "9"]
[EventCountry "CHN"]
[SourceTitle "CB48_2023"]
[SourceDate "2023.11.29"]
[SourceVersion "1"]
[SourceVersionDate "2023.11.29"]
[SourceQuality "1"]

1. e4 c6 2. d4 d5 3. e5 c5 4. f4 cxd4 5. Qxd4 Nc6 6. Qd3 Nh6 7. Be3 Ng4 8. c3 Bf5 9. Qxf5 Nxe3 10. Qd3 Qb6 11. b4 Rc8 12. a3 g5 13. fxg5 Nxf1 14. Kxf1 Nxe5 15. Qf5 Qc7 16. Nf3 Bg7 17. Nxe5 Bxe5 18. Ke2 e6 19. Qd3 Bxh2 20. Ra2 Bf4 21. Rh5 Qc4 22. Qxc4 Rxc4 23. Kf3 Rg8 24. Rxh7 Rxg5 25. Rh4 Rf5 26. Ke2 Ke7 27. Kd3 Rg5 28. Re2 Rg3+ 29. Kc2 Kd6 30. Rf2 e5 31. Kb2 Bc1+ 0-1

[Event "Newcastle Northumbria Masters GM"]
[Site "Newcastle on Tyne"]
[Date "2023.08.27"]
[Round "7"]
[White "Zhang, Pengxiang"]
[Black "Wadsworth, Matthew J"]
[Result "1-0"]
[WhiteElo "2554"]
[BlackElo "2445"]
[PlyCount "79"]
[EventDate "2023.08.24"]
[EventType "schev"]
[EventRounds "9"]
[EventCountry "ENG"]
[SourceTitle "EXT 2024"]
[Source "ChessBase"]
[SourceDate "2023.10.10"]
[SourceVersion "1"]
[SourceVersionDate "2023.10.10"]
[SourceQuality "1"]
[WhiteTeam "ENG GMs"]
[BlackTeam "ENG IMs"]
[WhiteTeamCountry "ENG"]
[BlackTeamCountry "ENG"]

1. e4 c6 2. d4 d5 3. e5 Bf5 4. Be3 Qb6 5. Qc1 e6 6. c4 Nd7 7. Nc3 Nxe5 8. cxd5 exd5 9. dxe5 d4 10. Bxd4 Qxd4 11. Nf3 Qb6 12. Bc4 0-0-0 13. 0-0 Nh6 14. a3 Be7 15. b4 Kb8 16. Re1 Rhe8 17. h3 Bg6 18. Qf4 a6 19. Rac1 Qc7 20. Bb3 f6 21. Nd5 Rxd5 22. Bxd5 fxe5 23. Qc4 Bf6 24. Be4 Nf5 25. Qc2 Qc8 26. a4 Nd4 27. Nxd4 exd4 28. Bxg6 hxg6 29. Qxg6 Rd8 30. Qd3 Qd7 31. Rb1 Rc8 32. Rec1 Qd6 33. b5 axb5 34. axb5 c5 35. Ra1 Bd8 36. Qf5 Bc7 37. Ra8+ Kxa8 38. Qxc8+ Ka7 39. Ra1+ Kb6 40. Ra6+ 1-0

[Event "Newcastle Northumbria Masters GM"]
[Site "Newcastle on Tyne"]
[Date "2023.08.24"]
[Round "2"]
[White "Zhang, Pengxiang"]
[Black "Kanyamarala, Tarun"]
[Result "1-0"]
[WhiteElo "2554"]
[BlackElo "2344"]
[PlyCount "85"]
[EventDate "2023.08.24"]
[EventType "schev"]
[EventRounds "9"]
[EventCountry "ENG"]
[SourceTitle "EXT 2024"]
[Source "ChessBase"]
[SourceDate "2023.10.10"]
[SourceVersion "1"]
[SourceVersionDate "2023.10.10"]
[SourceQuality "1"]
[WhiteTeam "ENG GMs"]
[BlackTeam "ENG IMs"]
[WhiteTeamCountry "ENG"]
[BlackTeamCountry "ENG"]

1. e4 c5 2. Nf3 Nc6 3. d4 cxd4 4. Nxd4 Nf6 5. Nc3 e5 6. Ndb5 d6 7. Bg5 a6 8. Na3 b5 9. Nd5 Be7 10. Bxf6 Bxf6 11. c3 0-0 12. Nc2 Rb8 13. h4 g6 14. g3 Bg7 15. h5 Ne7 16. Nce3 Nxd5 17. Nxd5 Be6 18. Qd3 a5 19. a3 Qd7 20. Rd1 Rfc8 21. h6 Bh8 22. Be2 b4 23. axb4 Bxd5 24. Qxd5 axb4 25. c4 Qc6 26. 0-0 Rb6 27. Qxc6 Rcxc6 28. Rd5 Bf6 29. Ra1 Rc8 30. Ra7 Bg5 31. c5 dxc5 32. Bc4 Rf8 33. Rxe5 Bxh6 34. Ree7 Rf6 35. e5 Rf5 36. f4 Bg7 37. Be6 c4 38. Bxf5 gxf5 39. Rec7 c3 40. bxc3 bxc3 41. Rxc3 Bh8 42. Kg2 Kg7 43. Rc6 1-0

[Event "Shaoxing Hua Yi Rapid Cup 2nd"]
[Site "Shaoxing"]
[Date "2023.05.29"]
[Round "1.3"]
[White "Zhang, Pengxiang"]
[Black "Yu, Ruiyuan1111"]
[Result "1-0"]
[WhiteElo "2554"]
[BlackElo "2498"]
[PlyCount "107"]
[EventDate "2023.05.29"]
[EventType "k.o. (rapid)"]
[EventRounds "5"]
[EventCountry "CHN"]
[SourceTitle "CBM 214 Extra"]
[Source "ChessBase"]
[SourceDate "2023.07.31"]
[SourceVersion "1"]
[SourceVersionDate "2023.07.31"]
[SourceQuality "1"]

1. e4 c5 2. Nf3 e6 3. d4 cxd4 4. Nxd4 Nf6 5. Nc3 Nc6 6. a3 Be7 7. Nxc6 bxc6 8. e5 Nd5 9. Qg4 g6 10. Qg3 Nxc3 11. Qxc3 f6 12. Bh6 Bf8 13. Bxf8 Rxf8 14. h4 fxe5 15. Qxe5 Qf6 16. Qxf6 Rxf6 17. h5 Kf7 18. hxg6+ hxg6 19. Rd1 Kg7 20. Rd4 Rb8 21. b3 Rf7 22. Bd3 e5 23. Rd6 Rf6 24. Rh7+ Kxh7 25. Rxf6 Kg7 26. Rxg6+ Kf7 27. Rh6 Bb7 28. g4 Rg8 29. Bf5 d5 30. Kd2 Bc8 31. Rxc6 Bxf5 32. gxf5 Rg5 33. f6 Rg4 34. Ra6 Rf4 35. Ke2 d4 36. a4 Kg6 37. a5 e4 38. Rxa7 Kxf6 39. Rd7 Ke5 40. a6 Rf6 41. a7 Ra6 42. b4 Ra2 43. Kd1 Ra1+ 44. Kd2 Ra2 45. Kc1 e3 46. fxe3 dxe3 47. Kd1 Ke6 48. Rb7 Kd5 49. Rb5+ Kc6 50. Ra5 Rxa5 51. bxa5 Kb7 52. Ke2 Kxa7 53. Kxe3 Ka6 54. Kd4 1-0

[Event "Shaoxing Hua Yi Rapid Cup 2nd"]
[Site "Shaoxing"]
[Date "2023.05.29"]
[Round "1.5"]
[White "Zhang, Pengxiang"]
[Black "Yu, Ruiyuan1111"]
[Result "0-1"]
[WhiteElo "2554"]
[BlackElo "2498"]
[PlyCount "52"]
[EventDate "2023.05.29"]
[EventType "k.o. (rapid)"]
[EventRounds "5"]
[EventCountry "CHN"]
[SourceTitle "CBM 214 Extra"]
[Source "ChessBase"]
[SourceDate "2023.07.31"]
[SourceVersion "1"]
[SourceVersionDate "2023.07.31"]
[SourceQuality "1"]

1. e4 c5 2. Nf3 e6 3. d4 cxd4 4. Nxd4 Nf6 5. Nc3 Nc6 6. a3 Be7 7. Nxc6 bxc6 8. e5 Nd5 9. Qg4 g6 10. Qg3 Rb8 11. h4 Qa5 12. h5 Nxc3 13. bxc3 Ba6 14. hxg6 fxg6 15. Bxa6 Qxa6 16. Bg5 Bxg5 17. Qxg5 Qc4 18. Rh3 0-0 19. Rd1 Rf5 20. Qe3 Rb5 21. Rd4 Rb1+ 22. Kd2 Qf1 23. c4 Rxf2+ 24. Kc3 Ra1 25. Kb4 Qb1+ 26. Qb3 Qe1+ 0-1

[Event "CHN-chTB"]
[Site "Hefei"]
[Date "2023.04.20"]
[Round "6"]
[White "Zhang, Pengxiang"]
[Black "Xu, Yinglun"]
[Result "0-1"]
[WhiteElo "2552"]
[BlackElo "2558"]
[PlyCount "96"]
[EventDate "2023.04.17"]
[EventType "team-swiss"]
[EventRounds "9"]
[EventCountry "CHN"]
[SourceTitle "EXT 2024"]
[Source "ChessBase"]
[SourceDate "2023.10.10"]
[SourceVersion "1"]
[SourceVersionDate "2023.10.10"]
[SourceQuality "1"]
[WhiteTeam "Chongqing Qilin"]
[BlackTeam "Guangzhou Lingnan"]
[WhiteTeamCountry "CHN"]
[BlackTeamCountry "CHN"]

1. e4 c5 2. Nf3 d6 3. d4 cxd4 4. Nxd4 Nf6 5. Nc3 a6 6. h3 e6 7. g4 h6 8. Bg2 Be7 9. Be3 Nc6 10. Qe2 Nxd4 11. Bxd4 e5 12. Be3 b5 13. 0-0 b4 14. Nd5 Nxd5 15. exd5 a5 16. Rfe1 0-0 17. a3 Rb8 18. axb4 axb4 19. Ra7 f5 20. c4 bxc3 21. bxc3 fxg4 22. hxg4 Bg5 23. Ra4 Bxe3 24. Qxe3 Rb2 25. Re2 Rb1+ 26. Re1 Rxe1+ 27. Qxe1 Bd7 28. Re4 Qg5 29. f3 h5 30. Qe3 Qxe3+ 31. Rxe3 hxg4 32. fxg4 Bxg4 33. c4 Rc8 34. Bf1 Kf7 35. Ra3 Rc7 36. Kf2 Bf5 37. Ra8 Rb7 38. Rd8 Rb2+ 39. Ke3 Ke7 40. Ra8 Rb3+ 41. Kd2 e4 42. Kc2 Rg3 43. c5 e3+ 44. Kd1 dxc5 45. Bb5 Bg4+ 46. Kc2 e2 47. Kd2 Rg1 48. Re8+ Kf7 0-1

[Event "CHN-chT Div-A Rapid"]
[Site "Fuling"]
[Date "2022.09.16"]
[Round "9.4"]
[White "Chen, Qi B"]
[Black "Zhang, Pengxiang"]
[Result "0-1"]
[WhiteElo "2485"]
[BlackElo "2564"]
[PlyCount "64"]
[EventDate "2022.09.06"]
[EventType "team-tourn (rapid)"]
[EventRounds "11"]
[EventCountry "CHN"]
[SourceTitle "CBM 210 Extra"]
[Source "ChessBase"]
[SourceDate "2022.11.30"]
[SourceVersion "1"]
[SourceVersionDate "2022.11.30"]
[SourceQuality "1"]
[WhiteTeam "Jiangsu"]
[BlackTeam "Chongqing Jiulongpo"]
[WhiteTeamCountry "CHN"]
[BlackTeamCountry "CHN"]

1. e4 e5 2. Nf3 Nc6 3. Bc4 Bc5 4. c3 Nf6 5. d4 exd4 6. cxd4 Bb4+ 7. Nc3 Nxe4 8. 0-0 Bxc3 9. d5 Ne5 10. Qe2 0-0 11. bxc3 Nxc4 12. Qxc4 Nd6 13. Qf4 b6 14. Ba3 Bb7 15. Rfd1 Re8 16. Bxd6 cxd6 17. Nd4 Bxd5 18. Nf5 Re5 19. Ne3 Be6 20. Rxd6 Qf6 21. Qb4 Rc5 22. Rc1 Rac8 23. Rd4 a5 24. Qa4 b5 25. Qd1 Rxc3 26. Rxc3 Rxc3 27. h3 h6 28. Nd5 Bxd5 29. Rxd5 Qf4 30. g3 Qc4 31. Kh2 Rc2 32. Rd2 Rxa2 0-1

[Event "CHN-chT Div-A"]
[Site "Fuling"]
[Date "2022.09.14"]
[Round "7.5"]
[White "Zhang, Pengxiang"]
[Black "Xu, Xiangyu"]
[Result "1/2-1/2"]
[WhiteElo "2564"]
[BlackElo "2571"]
[PlyCount "77"]
[EventDate "2022.09.06"]
[EventType "team-tourn"]
[EventRounds "11"]
[EventCountry "CHN"]
[SourceTitle "CBM 210 Extra"]
[Source "ChessBase"]
[SourceDate "2022.11.30"]
[SourceVersion "1"]
[SourceVersionDate "2022.11.30"]
[SourceQuality "1"]
[WhiteTeam "Chongqing Jiulongpo"]
[BlackTeam "Chengdu"]
[WhiteTeamCountry "CHN"]
[BlackTeamCountry "CHN"]

1. e4 c5 2. Nf3 Nc6 3. Nc3 e5 4. Bc4 d6 5. d3 h6 6. 0-0 Nf6 7. h3 a6 8. Nd5 Be7 9. c3 0-0 10. Nh2 Nxd5 11. Bxd5 Bg5 12. Ng4 Ne7 13. Bxg5 hxg5 14. Bb3 Nc6 15. Bd5 Ne7 16. Bb3 Nc6 17. Bd5 Bd7 18. Re1 Rb8 19. Qd2 g6 20. Rad1 Kg7 21. d4 cxd4 22. Bxc6 Bxg4 23. hxg4 dxc3 24. Qxd6 Qxd6 25. Rxd6 bxc6 26. b3 Rfd8 27. Rxc6 Rd2 28. Rxc3 Rxa2 29. g3 Rb6 30. Kf1 Rd6 31. Ree3 Rb2 32. Red3 Rb6 33. Rf3 Rf6 34. Rxf6 Kxf6 35. Rc6+ Ke7 36. Rxa6 Rxb3 37. Ke2 Rb2+ 38. Ke3 Rb3+ 39. Ke2 1/2-1/2

[Event "CHN-chT"]
[Site "Beijing"]
[Date "2012.10.09"]
[Round "18"]
[White "Zhang, Pengxiang"]
[Black "Zhou, Weiqi"]
[Result "0-1"]
[WhiteElo "2591"]
[BlackElo "2628"]
[PlyCount "71"]
[EventDate "2012.04.28"]
[EventType "team-tourn"]
[EventRounds "22"]
[EventCountry "CHN"]
[SourceTitle "EXT 2013"]
[Source "ChessBase"]
[SourceDate "2012.11.22"]
[SourceVersion "1"]
[SourceVersionDate "2012.11.22"]
[SourceQuality "1"]
[WhiteTeam "Hebei"]
[BlackTeam "Jiangsu"]
[WhiteTeamCountry "CHN"]
[BlackTeamCountry "CHN"]

1. e4 c6 2. d4 d5 3. e5 Bf5 4. h4 h5 5. c4 e6 6. Nc3 Ne7 7. Nge2 Nd7 8. Ng3 Bg6 9. Bg5 Qb6 10. Na4 Qc7 11. c5 f6 12. exf6 gxf6 13. Be3 e5 14. Qd2 0-0-0 15. Be2 Nf5 16. Nxf5 Bxf5 17. b4 exd4 18. Qxd4 Bh6 19. Bxh6 Rxh6 20. Nc3 Rg6 21. g3 Bg4 22. 0-0-0 Ne5 23. Rhe1 Rdg8 24. Qe3 Qf7 25. Kb1 Bxe2 26. Nxe2 Rg4 27. Nd4 Qg6+ 28. Ka1 Re4 29. Qc3 Rxe1 30. Qxe1 Re8 31. Qc3 Ng4 32. Qd2 a6 33. a4 Ne5 34. Re1 Nc4 35. Rxe8+ Qxe8 36. Qe2 0-1

[Event "CHN-chT"]
[Site "Beijing"]
[Date "2012.06.28"]
[Round "6"]
[White "Zhang, Pengxiang"]
[Black "Zeng, Chongsheng"]
[Result "0-1"]
[WhiteElo "2591"]
[BlackElo "2435"]
[PlyCount "96"]
[EventDate "2012.04.28"]
[EventType "team-tourn"]
[EventRounds "22"]
[EventCountry "CHN"]
[SourceTitle "EXT 2013"]
[Source "ChessBase"]
[SourceDate "2012.11.22"]
[SourceVersion "1"]
[SourceVersionDate "2012.11.22"]
[SourceQuality "1"]
[WhiteTeam "Hebei"]
[BlackTeam "Guangdong"]
[WhiteTeamCountry "CHN"]
[BlackTeamCountry "CHN"]

1. d4 Nf6 2. c4 g6 3. Nc3 d5 4. cxd5 Nxd5 5. Bd2 Bg7 6. Nf3 0-0 7. e4 Nxc3 8. Bxc3 Bg4 9. Qb3 Bxf3 10. gxf3 Nc6 11. d5 Nd4 12. Bxd4 Bxd4 13. 0-0-0 Be5 14. h4 h5 15. Kb1 Qd6 16. Be2 Qb6 17. Qxb6 cxb6 18. Bf1 Rac8 19. Bh3 Rc5 20. Rd2 Rd8 21. Rc2 Rd6 22. a4 Rf6 23. Bg2 Rf4 24. b4 Rc3 25. Rxc3 Bxc3 26. b5 Bd4 27. Kc2 Bxf2 28. Kd3 Kg7 29. Ke2 Bc5 30. Bh3 f5 31. exf5 gxf5 32. Ra1 Kf6 33. a5 bxa5 34. Rxa5 Rxh4 35. Bf1 Rd4 36. Ra2 Rxd5 37. Ra4 Bb6 38. Ke1 Rd4 39. Ra2 h4 40. Rc2 Kg5 41. Rc8 Kf4 42. Ke2 Ba5 43. Rc2 e5 44. Kf2 Rd2+ 45. Rxd2 Bxd2 46. Bc4 h3 47. Bd5 Be3+ 48. Kf1 Kg3 0-1

[Event "CHN-chT"]
[Site "Ningbo"]
[Date "2011.10.26"]
[Round "13"]
[White "Zhang, Pengxiang"]
[Black "Lu, Shanglei"]
[Result "1/2-1/2"]
[WhiteElo "2577"]
[BlackElo "2456"]
[PlyCount "90"]
[EventDate "2011.04.12"]
[EventType "team-tourn"]
[EventRounds "18"]
[EventCountry "CHN"]
[SourceTitle "EXT 2012"]
[Source "ChessBase"]
[SourceDate "2011.11.24"]
[SourceVersion "1"]
[SourceVersionDate "2011.11.24"]
[SourceQuality "1"]
[WhiteTeam "Hebei"]
[BlackTeam "Zhejiang"]
[WhiteTeamCountry "CHN"]
[BlackTeamCountry "CHN"]

1. c4 e6 2. d4 d5 3. Nc3 Nf6 4. cxd5 exd5 5. Bg5 c6 6. e3 Be7 7. Bd3 Bg4 8. Nge2 Nbd7 9. Qc2 Nf8 10. h3 Bh5 11. Ng3 Bg6 12. Nf5 Ne6 13. Bh4 Bxf5 14. Bxf5 g6 15. Bd3 Nh5 16. Bxe7 Qxe7 17. 0-0-0 Nf6 18. Kb1 0-0-0 19. h4 Kb8 20. Be2 Rc8 21. g4 h5 22. g5 Ne8 23. e4 Nd6 24. exd5 cxd5 25. Qb3 Nf5 26. Qxd5 Nexd4 27. Rxd4 Rhd8 28. Re4 Rxd5 29. Rxe7 Nxe7 30. Nxd5 Nxd5 31. Rd1 Ne7 32. Rd7 Rc7 33. Rd8+ Rc8 34. Rd6 Re8 35. Bc4 Nf5 36. Rd7 Nxh4 37. Bd5 Re1+ 38. Kc2 Re2+ 39. Kc3 Rxf2 40. Rxb7+ Kc8 41. Rxa7 Rf5 42. Be4 Re5 43. Kd4 Rxg5 44. Rxf7 Nf5+ 45. Bxf5+ Rxf5 1/2-1/2

[Event "CHN-chT"]
[Site "Ningbo"]
[Date "2011.07.10"]
[Round "8"]
[White "Zhang, Pengxiang"]
[Black "Wen, Yang"]
[Result "1-0"]
[WhiteElo "2577"]
[BlackElo "2545"]
[PlyCount "55"]
[EventDate "2011.04.12"]
[EventType "team-tourn"]
[EventRounds "18"]
[EventCountry "CHN"]
[SourceTitle "EXT 2012"]
[Source "ChessBase"]
[SourceDate "2011.11.24"]
[SourceVersion "1"]
[SourceVersionDate "2011.11.24"]
[SourceQuality "1"]
[WhiteTeam "Hebei"]
[BlackTeam "Shandong"]
[WhiteTeamCountry "CHN"]
[BlackTeamCountry "CHN"]

1. e4 c5 2. Nf3 d6 3. d4 cxd4 4. Nxd4 Nf6 5. Nc3 a6 6. Be3 Ng4 7. Bg5 h6 8. Bh4 g5 9. Bg3 Bg7 10. Be2 h5 11. Bxg4 Bxg4 12. f3 Bd7 13. Bf2 Nc6 14. Nd5 Rb8 15. 0-0 e6 16. Nc3 b5 17. Nce2 Ne5 18. b3 g4 19. f4 h4 20. fxe5 dxe5 21. Nc1 g3 22. hxg3 exd4 23. Nd3 e5 24. gxh4 Rb6 25. c3 Rg6 26. cxd4 Bh3 27. Ne1 exd4 28. h5 1-0

[Event "CHN-chT 6th"]
[Site "China"]
[Date "2010.11.04"]
[Round "18"]
[White "Zhao, Jun"]
[Black "Zhang, Pengxiang"]
[Result "1/2-1/2"]
[WhiteElo "2575"]
[BlackElo "2605"]
[PlyCount "64"]
[EventDate "2010.04.16"]
[EventType "team-tourn"]
[EventRounds "18"]
[EventCountry "CHN"]
[SourceTitle "EXT 2011"]
[Source "ChessBase"]
[SourceDate "2010.11.26"]
[SourceVersion "1"]
[SourceVersionDate "2010.11.26"]
[SourceQuality "1"]

1. Nf3 d5 2. c4 c6 3. d4 Nf6 4. cxd5 cxd5 5. Nc3 Nc6 6. Bf4 Bf5 7. e3 e6 8. Bd3 Bxd3 9. Qxd3 Bd6 10. Bxd6 Qxd6 11. 0-0 0-0 12. Rfc1 Rac8 13. h3 h6 14. Nd2 Na5 15. Qb5 Qb6 16. Qxb6 axb6 17. Nb5 Rfd8 18. Kf1 Kf8 19. Ke2 Ke7 20. Kd3 Kd7 21. f3 Ne8 22. e4 Rxc1 23. Rxc1 Rc8 24. Rxc8 Kxc8 25. exd5 exd5 26. Nf1 Nc6 27. Ne3 Ne7 28. g4 Kd7 29. a3 Kc6 30. Na7+ Kd6 31. Nb5+ Kc6 32. Na7+ Kd6 1/2-1/2

[Event "CHN-chT 6th"]
[Site "China"]
[Date "2010.11.02"]
[Round "16"]
[White "Zhang, Pengxiang"]
[Black "Xiu, Deshun"]
[Result "1/2-1/2"]
[WhiteElo "2605"]
[BlackElo "2493"]
[PlyCount "88"]
[EventDate "2010.04.16"]
[EventType "team-tourn"]
[EventRounds "18"]
[EventCountry "CHN"]
[SourceTitle "EXT 2011"]
[Source "ChessBase"]
[SourceDate "2010.11.26"]
[SourceVersion "1"]
[SourceVersionDate "2010.11.26"]
[SourceQuality "1"]

1. e4 c5 2. Nf3 d6 3. d4 cxd4 4. Nxd4 Nf6 5. Nc3 Nc6 6. Be2 g6 7. 0-0 Bg7 8. Nb3 0-0 9. Bg5 a5 10. a3 a4 11. Nc1 Nd7 12. Nd3 Nb6 13. Nd5 Nxd5 14. exd5 Nd4 15. Re1 h6 16. Bd2 Bf5 17. Bf1 e5 18. dxe6 fxe6 19. Be3 Rc8 20. Rc1 Qh4 21. Qd2 Rf7 22. f4 Rfc7 23. Nb4 Nxc2 24. Bb6 Rc6 25. Nxc6 Rxc6 26. Bf2 Qd8 27. Red1 Bxb2 28. Rb1 Bc3 29. Qc1 Bd4 30. Qd2 Bc3 31. Qc1 Bd4 32. Rxb7 Qc8 33. Rxd4 Qxb7 34. Rxa4 Rc8 35. Qd2 Qd5 36. Qe2 Ra8 37. Rxa8+ Qxa8 38. g4 Be4 39. Qc4 d5 40. Qc7 Qxa3 41. Qd7 Qf3 42. Qxe6+ Kh7 43. Qe7+ Kg8 44. Qe6+ Kh7 1/2-1/2

[Event "CHN-chT 6th"]
[Site "China"]
[Date "2010.09.11"]
[Round "11"]
[White "Zhang, Pengxiang"]
[Black "Zeng, Chongsheng"]
[Result "1/2-1/2"]
[WhiteElo "2605"]
[BlackElo "2350"]
[PlyCount "33"]
[EventDate "2010.04.16"]
[EventType "team-tourn"]
[EventRounds "18"]
[EventCountry "CHN"]
[SourceTitle "EXT 2011"]
[Source "ChessBase"]
[SourceDate "2010.11.26"]
[SourceVersion "1"]
[SourceVersionDate "2010.11.26"]
[SourceQuality "1"]

1. e4 c5 2. Nf3 e6 3. d4 cxd4 4. Nxd4 Nf6 5. Nc3 d6 6. g4 h6 7. h3 Nc6 8. Bg2 Bd7 9. Qd2 Nxd4 10. Qxd4 Bc6 11. Be3 Be7 12. 0-0-0 Qa5 13. Kb1 0-0 14. Rhg1 Rfd8 15. Qd2 Qc7 16. f4 d5 17. e5 1/2-1/2

[Event "CHN-chT 6th"]
[Site "China"]
[Date "2010.07.26"]
[Round "9"]
[White "Zhang, Pengxiang"]
[Black "Zhao, Jun"]
[Result "1/2-1/2"]
[WhiteElo "2605"]
[BlackElo "2575"]
[PlyCount "51"]
[EventDate "2010.04.16"]
[EventType "team-tourn"]
[EventRounds "18"]
[EventCountry "CHN"]
[SourceTitle "EXT 2011"]
[Source "ChessBase"]
[SourceDate "2010.11.26"]
[SourceVersion "1"]
[SourceVersionDate "2010.11.26"]
[SourceQuality "1"]

1. e4 c5 2. Nf3 d6 3. d4 cxd4 4. Nxd4 Nf6 5. Nc3 a6 6. f4 Qc7 7. Bd3 g6 8. Be3 Bg7 9. h3 b5 10. Qf3 Bb7 11. g4 Nbd7 12. g5 Nh5 13. Nd5 Qa5+ 14. Bd2 Qd8 15. Be3 e6 16. Nc3 Nxf4 17. Qxf4 e5 18. Ne6 exf4 19. Nxd8 Rxd8 20. Bxf4 Nc5 21. 0-0-0 0-0 22. Rhe1 Rfe8 23. Nd5 Bxd5 24. exd5 Nxd3+ 25. cxd3 Be5 26. Bd2 1/2-1/2